000 00619nam a2200193 i 4500
001 101936
003 ES-MaACL
005 20230906183019.0
007 t|
008 051028s1969 sp ||||1| spa d
100 1 _aMéndez, Carlos.
_980111
245 1 0 _aVidas de grandes deportistas. De Zamora a Santana /
_cCarlos Mendez, Cronos [seud.].
260 _aMadrid :
_bComité Olímpico Español,
_c1969.
300 _a1 v. :
_bil. ;
_c21 cm.
505 8 _aContiene: es el v. I
650 4 _aDeportistas-
_xBiografías.
_9164789
710 1 _aComité Olímpico Español.
_93093
852 _aES-MaACL
_jP-1808
_bR.68995
999 _c101936
_d101936